[Event "Turniej Blitza na II Lidze Juniorów 2018"]
[Site "Szczyrk, Poland"]
[Date "????.??.??"]
[Round "9.65"]
[White "Uliasz, Miroslaw"]
[Black "Wieckowski, Michal"]
[Result "1-0"]
[TimeControl "3'+2\""]
[WhiteElo "1075"]
[BlackElo "1228"]

1. e4 {[%clk 00:03:03]} {[%emt 00:00:01]} d5 {[%clk 00:03:04]} 2. exd5 {[%clk
00:03:03]} {[%emt 00:00:02]} Nf6 {[%clk 00:03:05]} 3. Nc3 {[%clk 00:03:01]}
{[%emt 00:00:05]} Nxd5 {[%clk 00:03:06]} {[%emt 00:00:01]} 4. Nf3 {[%clk
00:02:54]} {[%emt 00:00:09]} Bg4 {[%clk 00:03:06]} {[%emt 00:00:02]} 5. Be2
{[%clk 00:02:54]} {[%emt 00:00:01]} Nc6 {[%clk 00:03:07]} {[%emt 00:00:01]} 6.
O-O {[%clk 00:02:53]} {[%emt 00:00:04]} e6 {[%clk 00:03:08]} 7. d4 {[%clk
00:02:37]} {[%emt 00:00:17]} Nxc3 {[%clk 00:03:05]} {[%emt 00:00:05]} 8. bxc3
{[%clk 00:02:37]} {[%emt 00:00:03]} Bd6 {[%clk 00:03:05]} {[%emt 00:00:02]} 9.
Rb1 {[%clk 00:02:32]} {[%emt 00:00:07]} Qc8 {[%clk 00:02:54]} {[%emt 00:00:13]}
10. c4 {[%clk 00:02:32]} {[%emt 00:00:03]} O-O {[%clk 00:02:51]} {[%emt
00:00:03]} 11. c5 {[%clk 00:02:33]} {[%emt 00:00:01]} Be7 {[%clk 00:02:49]}
{[%emt 00:00:05]} 12. c3 {[%clk 00:02:18]} {[%emt 00:00:17]} Rd8 {[%clk
00:02:49]} {[%emt 00:00:02]} 13. Qc2 {[%clk 00:02:02]} {[%emt 00:00:18]} Bf5
{[%clk 00:02:49]} {[%emt 00:00:02]} 14. Bd3 {[%clk 00:02:00]} {[%emt 00:00:04]}
Bxd3 {[%clk 00:02:49]} {[%emt 00:00:02]} 15. Qxd3 {[%clk 00:01:59]} {[%emt
00:00:03]} h6 {[%clk 00:02:43]} {[%emt 00:00:09]} 16. Re1 {[%clk 00:01:48]}
{[%emt 00:00:12]} Bxc5 {[%clk 00:02:41]} {[%emt 00:00:03]} 17. Nh4 {[%clk
00:01:34]} {[%emt 00:00:15]} Be7 {[%clk 00:02:39]} {[%emt 00:00:06]} 18. Qg3
{[%clk 00:01:27]} {[%emt 00:00:07]} Bxh4 {[%clk 00:02:23]} {[%emt 00:00:18]} 19.
Qxh4 {[%clk 00:01:29]} {[%emt 00:00:02]} Qd7 {[%clk 00:02:20]} {[%emt
00:00:05]} 20. Qg3 {[%clk 00:01:23]} {[%emt 00:00:08]} Qd6 {[%clk 00:02:17]}
{[%emt 00:00:05]} 21. Qg4 {[%clk 00:01:17]} {[%emt 00:00:07]} Kh7 {[%clk
00:02:00]} {[%emt 00:00:20]} 22. Rxb7 {[%clk 00:01:06]} {[%emt 00:00:13]} Rab8
{[%clk 00:01:59]} {[%emt 00:00:03]} 23. Rxb8 {[%clk 00:00:52]} {[%emt
00:00:16]} Rxb8 {[%clk 00:02:00]} 24. Qe4+ {[%clk 00:00:36]} {[%emt 00:00:17]}
Kg8 {[%clk 00:01:37]} {[%emt 00:00:25]} 25. h3 {[%clk 00:00:32]} {[%emt
00:00:07]} Ne7 {[%clk 00:01:33]} {[%emt 00:00:06]} 26. Qg4 {[%clk 00:00:22]}
{[%emt 00:00:10]} Ng6 {[%clk 00:01:33]} {[%emt 00:00:03]} 27. h4 {[%clk
00:00:24]} {[%emt 00:00:03]} Kh7 {[%clk 00:01:11]} {[%emt 00:00:26]} 28. Qe4
{[%clk 00:00:23]} {[%emt 00:00:03]} Qd5 {[%clk 00:00:58]} {[%emt 00:00:16]} 29.
Qxd5 {[%clk 00:00:13]} {[%emt 00:00:11]} exd5 {[%clk 00:00:59]} {[%emt
00:00:01]} 30. h5 {[%clk 00:00:14]} Nh4 {[%clk 00:00:53]} {[%emt 00:00:07]} 31.
Ba3 {[%clk 00:00:07]} {[%emt 00:00:09]} Rb6 {[%clk 00:00:49]} {[%emt 00:00:08]}
32. Re7 {[%clk 00:00:08]} {[%emt 00:00:01]} f6 {[%clk 00:00:36]} {[%emt
00:00:14]} 33. Rxc7 {[%clk 00:00:08]} {[%emt 00:00:01]} Nf5 {[%clk 00:00:32]}
{[%emt 00:00:06]} 34. Rxa7 {[%clk 00:00:09]} {[%emt 00:00:02]} Rc6 {[%clk
00:00:33]} {[%emt 00:00:02]} 35. Bb4 {[%clk 00:00:09]} Kg8 {[%clk 00:00:28]}
{[%emt 00:00:07]} 36. Rd7 {[%clk 00:00:09]} {[%emt 00:00:01]} Re6 {[%clk
00:00:08]} {[%emt 00:00:22]} 37. Rxd5 {[%clk 00:00:10]} {[%emt 00:00:02]} Nh4
{[%clk 00:00:06]} {[%emt 00:00:03]} 38. a4 {[%clk 00:00:11]} {[%emt 00:00:02]}
Re2 {[%clk 00:00:04]} {[%emt 00:00:04]} 39. a5 {[%clk 00:00:11]} {[%emt
00:00:01]} Ra2 {[%clk 00:00:05]} {[%emt 00:00:02]} 40. Rd8+ {[%clk 00:00:12]}
{[%emt 00:00:01]} Kf7 {[%clk 00:00:06]} 41. Rd7+ {[%emt 00:00:04]} Ke6 {[%clk
00:00:05]} 42. Rxg7 {[%clk 00:00:11]} {[%emt 00:00:02]} Nf5 {[%clk 00:00:03]}
{[%emt 00:00:05]} 43. Rb7 {[%clk 00:00:10]} {[%emt 00:00:03]} Ra1+ {[%clk
00:00:00]} {[%emt 00:00:04]} 44. Kh2 {[%clk 00:00:10]} 1-0

[Event "Turniej Blitza na II Lidze Juniorów 2018"]
[Site "Szczyrk, Poland"]
[Date "????.??.??"]
[Round "9.21"]
[White "Jaromin, Michal"]
[Black "Zdybel, Przemyslaw"]
[Result "0-1"]
[TimeControl "3'+2\""]
[WhiteElo "1641"]
[BlackElo "1334"]

1. e4 {[%clk 00:03:02]} {[%emt 00:01:13]} c5 {[%clk 00:03:02]} 2. Nf3 {[%clk
00:03:05]} {[%emt 00:00:07]} d6 {[%clk 00:03:03]} 3. d4 {[%clk 00:03:06]}
{[%emt 00:00:01]} cxd4 {[%clk 00:03:04]} 4. Nxd4 {[%clk 00:03:07]} {[%emt
00:00:01]} Nf6 {[%clk 00:03:05]} 5. Nc3 {[%clk 00:03:08]} {[%emt 00:00:01]} a6
{[%clk 00:03:06]} {[%emt 00:00:01]} 6. Be2 {[%clk 00:03:08]} {[%emt 00:00:02]}
e5 {[%clk 00:03:07]} {[%emt 00:00:01]} 7. Nb3 {[%clk 00:03:09]} {[%emt
00:00:01]} Be6 {[%clk 00:03:03]} {[%emt 00:00:05]} 8. Be3 {[%clk 00:03:09]}
{[%emt 00:00:02]} Be7 {[%clk 00:03:04]} {[%emt 00:00:02]} 9. g4 {[%clk
00:03:06]} {[%emt 00:00:04]} h6 {[%clk 00:02:58]} {[%emt 00:00:09]} 10. f3
{[%clk 00:03:03]} {[%emt 00:00:05]} Nbd7 {[%clk 00:02:58]} {[%emt 00:00:02]} 11.
Qd2 {[%clk 00:03:00]} {[%emt 00:00:05]} Qc7 {[%clk 00:02:56]} {[%emt 00:00:04]}
12. h4 {[%clk 00:02:59]} {[%emt 00:00:02]} b5 {[%clk 00:02:54]} {[%emt
00:00:05]} 13. a3 {[%clk 00:02:46]} {[%emt 00:00:15]} Nb6 {[%clk 00:02:51]}
{[%emt 00:00:05]} 14. O-O-O {[%clk 00:02:40]} {[%emt 00:00:08]} Nc4 {[%clk
00:02:51]} {[%emt 00:00:02]} 15. Bxc4 {[%clk 00:02:37]} {[%emt 00:00:05]} bxc4
{[%clk 00:02:52]} {[%emt 00:00:02]} 16. Na1 {[%clk 00:02:33]} {[%emt 00:00:05]}
Rb8 {[%clk 00:02:40]} {[%emt 00:00:13]} 17. g5 {[%clk 00:02:24]} {[%emt
00:00:11]} Nh5 {[%clk 00:02:04]} {[%emt 00:00:38]} 18. Nd5 {[%clk 00:02:20]}
{[%emt 00:00:06]} Qb7 {[%clk 00:01:55]} {[%emt 00:00:12]} 19. c3 {[%clk
00:02:09]} {[%emt 00:00:12]} Bxd5 {[%clk 00:01:51]} {[%emt 00:00:07]} 20. exd5
{[%clk 00:02:10]} {[%emt 00:00:01]} Ng3 {[%clk 00:01:45]} {[%emt 00:00:08]} 21.
Rh2 {[%clk 00:02:11]} Nf5 {[%clk 00:01:45]} {[%emt 00:00:02]} 22. f4 {[%clk
00:01:54]} {[%emt 00:00:19]} e4 {[%clk 00:01:13]} {[%emt 00:00:34]} 23. Bd4
{[%clk 00:01:46]} {[%emt 00:00:10]} Kd7 {[%clk 00:00:54]} {[%emt 00:00:20]} 24.
Qe2 {[%clk 00:01:35]} {[%emt 00:00:14]} hxg5 {[%clk 00:00:28]} {[%emt
00:00:28]} 25. Qxe4 {[%clk 00:01:23]} {[%emt 00:00:14]} Nxd4 {[%clk 00:00:28]}
{[%emt 00:00:02]} 26. Qxd4 {[%clk 00:01:19]} {[%emt 00:00:06]} Rxh4 {[%clk
00:00:27]} {[%emt 00:00:03]} 27. Rdh1 {[%clk 00:01:08]} {[%emt 00:00:13]} Rxf4
{[%clk 00:00:26]} {[%emt 00:00:03]} 28. Qxg7 {[%clk 00:00:59]} {[%emt
00:00:10]} Qxd5 {[%clk 00:00:16]} {[%emt 00:00:12]} 29. Nc2 {[%clk 00:00:59]}
{[%emt 00:00:02]} Qd3 {[%clk 00:00:16]} {[%emt 00:00:02]} 30. Rd1 {[%clk
00:00:34]} {[%emt 00:00:27]} Qg3 {[%clk 00:00:17]} {[%emt 00:00:01]} 31. Re2
{[%clk 00:00:31]} {[%emt 00:00:05]} Rf2 {[%clk 00:00:13]} {[%emt 00:00:06]} 32.
Nd4 {[%clk 00:00:19]} {[%emt 00:00:14]} Rxe2 {[%clk 00:00:12]} {[%emt
00:00:04]} 33. Nxe2 {[%clk 00:00:20]} Qe3+ {[%clk 00:00:13]} 34. Rd2 {[%clk
00:00:21]} {[%emt 00:00:02]} Rb5 {[%clk 00:00:08]} {[%emt 00:00:08]} 35. Qh7
{[%clk 00:00:09]} {[%emt 00:00:14]} Re5 {[%clk 00:00:08]} {[%emt 00:00:02]} 36.
Qh2 {[%clk 00:00:08]} {[%emt 00:00:01]} g4 {[%clk 00:00:08]} {[%emt 00:00:03]}
37. Nd4 {[%clk 00:00:09]} {[%emt 00:00:03]} Qe1+ {[%clk 00:00:09]} 38. Rd1
{[%clk 00:00:09]} Qe3+ {[%clk 00:00:10]} {[%emt 00:00:02]} 39. Kb1 {[%clk
00:00:10]} {[%emt 00:00:01]} g3 {[%clk 00:00:11]} 40. Qh3+ {[%emt 00:00:02]}
Kc7 41. Qg2 {[%clk 00:00:04]} {[%emt 00:00:07]} Qe4+ {[%clk 00:00:13]} {[%emt
00:00:02]} 42. Qxe4 {[%clk 00:00:04]} {[%emt 00:00:01]} Rxe4 {[%clk 00:00:15]}
{[%emt 00:00:01]} 43. Rg1 {[%clk 00:00:05]} Re3 {[%clk 00:00:16]} {[%emt
00:00:01]} 44. Nf5 {[%clk 00:00:05]} {[%emt 00:00:01]} Re5 {[%clk 00:00:16]}
{[%emt 00:00:02]} 45. Nxg3 {[%clk 00:00:05]} {[%emt 00:00:02]} Rg5 {[%clk
00:00:16]} {[%emt 00:00:02]} 46. Re1 {[%clk 00:00:05]} {[%emt 00:00:02]} Kd7
{[%clk 00:00:16]} {[%emt 00:00:02]} 47. Ne4 {[%clk 00:00:06]} Re5 {[%clk
00:00:17]} 48. Re2 {[%clk 00:00:07]} {[%emt 00:00:02]} f5 {[%clk 00:00:17]}
{[%emt 00:00:01]} 49. Ng3 {[%clk 00:00:08]} Rxe2 {[%clk 00:00:19]} 50. Nxe2
{[%clk 00:00:10]} {[%emt 00:00:01]} Bg5 {[%clk 00:00:20]} 51. Nd4 {[%clk
00:00:10]} {[%emt 00:00:02]} f4 {[%clk 00:00:19]} {[%emt 00:00:02]} 52. Kc2
{[%clk 00:00:11]} {[%emt 00:00:01]} d5 {[%clk 00:00:19]} {[%emt 00:00:02]} 53.
b4 {[%clk 00:00:12]} {[%emt 00:00:02]} Kd6 {[%clk 00:00:20]} 54. a4 {[%clk
00:00:13]} {[%emt 00:00:01]} Ke5 {[%clk 00:00:19]} {[%emt 00:00:02]} 55. Kd2
{[%clk 00:00:14]} {[%emt 00:00:01]} f3+ {[%clk 00:00:19]} {[%emt 00:00:02]} 56.
Ke1 {[%clk 00:00:15]} Ke4 {[%clk 00:00:21]} {[%emt 00:00:01]} 57. b5 {[%clk
00:00:15]} {[%emt 00:00:02]} axb5 {[%clk 00:00:21]} {[%emt 00:00:01]} 58. a5
{[%clk 00:00:16]} {[%emt 00:00:02]} b4 {[%clk 00:00:17]} {[%emt 00:00:06]} 59.
Nc6 {[%clk 00:00:17]} {[%emt 00:00:01]} bxc3 {[%clk 00:00:17]} {[%emt
00:00:02]} 60. a6 {[%clk 00:00:18]} {[%emt 00:00:01]} Be3 {[%clk 00:00:16]}
{[%emt 00:00:03]} 61. a7 {[%clk 00:00:19]} Bxa7 {[%clk 00:00:17]} {[%emt
00:00:01]} 62. Nxa7 {[%clk 00:00:20]} c2 {[%clk 00:00:18]} {[%emt 00:00:01]} 63.
Kd2 {[%clk 00:00:21]} {[%emt 00:00:01]} f2 {[%clk 00:00:19]} 64. Nb5 {[%clk
00:00:22]} f1=Q {[%clk 00:00:18]} {[%emt 00:00:03]} 65. Nc3+ {[%clk 00:00:21]}
{[%emt 00:00:03]} Ke5 {[%clk 00:00:19]} {[%emt 00:00:01]} 66. Kxc2 {[%clk
00:00:21]} {[%emt 00:00:02]} d4 {[%clk 00:00:20]} 67. Nd1 {[%clk 00:00:21]}
{[%emt 00:00:04]} Qd3+ {[%clk 00:00:21]} 68. Kc1 {[%clk 00:00:21]} {[%emt
00:00:01]} Qxd1+ {[%clk 00:00:22]} 69. Kxd1 {[%clk 00:00:22]} Ke4 {[%clk
00:00:23]} {[%emt 00:00:01]} 0-1

[Event "Turniej Blitza na II Lidze Juniorów 2018"]
[Site "Szczyrk, Poland"]
[Date "????.??.??"]
[Round "9.1"]
[White "Luczak, Filip"]
[Black "Piesik, Piotr"]
[Result "0-1"]
[TimeControl "3'+2\""]
[WhiteTitle "CM"]
[BlackTitle "FM"]
[WhiteElo "1935"]
[BlackElo "2305"]

1. Nf3 {[%clk 00:03:03]} g6 {[%clk 00:03:04]} 2. e4 {[%clk 00:03:03]} {[%emt
00:00:03]} Bg7 {[%clk 00:03:05]} 3. d4 {[%clk 00:03:04]} {[%emt 00:00:01]} c6
{[%clk 00:03:07]} 4. Nc3 {[%clk 00:03:02]} {[%emt 00:00:03]} d6 {[%clk
00:03:08]} {[%emt 00:00:01]} 5. Be3 {[%clk 00:02:58]} {[%emt 00:00:05]} Bg4
{[%clk 00:03:09]} {[%emt 00:00:02]} 6. Be2 {[%clk 00:02:58]} {[%emt 00:00:01]}
Nd7 {[%clk 00:03:10]} {[%emt 00:00:02]} 7. h3 {[%clk 00:02:59]} {[%emt
00:00:01]} Bxf3 {[%clk 00:03:11]} 8. Bxf3 {[%clk 00:02:59]} {[%emt 00:00:02]}
Ngf6 {[%clk 00:03:12]} 9. Qd2 {[%clk 00:02:58]} {[%emt 00:00:04]} Qc7 {[%clk
00:03:11]} {[%emt 00:00:04]} 10. g4 {[%clk 00:02:52]} {[%emt 00:00:07]} Nb6
{[%clk 00:03:05]} {[%emt 00:00:09]} 11. b3 {[%clk 00:02:36]} {[%emt 00:00:18]}
h5 {[%clk 00:03:02]} {[%emt 00:00:04]} 12. g5 {[%clk 00:02:36]} {[%emt
00:00:01]} Nfd7 {[%clk 00:03:04]} 13. a4 {[%clk 00:02:35]} {[%emt 00:00:03]} a5
{[%clk 00:03:04]} {[%emt 00:00:02]} 14. h4 {[%clk 00:02:31]} {[%emt 00:00:05]}
O-O {[%clk 00:02:44]} {[%emt 00:00:23]} 15. O-O {[%clk 00:02:26]} {[%emt
00:00:08]} e5 {[%clk 00:02:38]} {[%emt 00:00:07]} 16. d5 {[%clk 00:02:20]}
{[%emt 00:00:08]} Rfd8 {[%clk 00:02:00]} {[%emt 00:00:41]} 17. Rac1 {[%clk
00:02:07]} {[%emt 00:00:14]} Nc5 {[%clk 00:01:33]} {[%emt 00:00:29]} 18. Rfd1
{[%clk 00:01:47]} {[%emt 00:00:22]} Bf8 {[%clk 00:01:29]} {[%emt 00:00:06]} 19.
Qe2 {[%clk 00:01:43]} {[%emt 00:00:06]} Rac8 {[%clk 00:01:18]} {[%emt
00:00:13]} 20. dxc6 {[%clk 00:01:35]} {[%emt 00:00:11]} bxc6 {[%clk 00:01:19]}
{[%emt 00:00:01]} 21. Bxc5 {[%clk 00:01:27]} {[%emt 00:00:09]} dxc5 {[%clk
00:01:20]} {[%emt 00:00:01]} 22. Rxd8 {[%clk 00:01:28]} {[%emt 00:00:02]} Rxd8
{[%clk 00:01:21]} 23. Rd1 {[%clk 00:01:29]} Rd4 {[%clk 00:01:20]} {[%emt
00:00:04]} 24. Nb1 {[%clk 00:01:16]} {[%emt 00:00:14]} Qd7 {[%clk 00:01:09]}
{[%emt 00:00:14]} 25. c3 {[%clk 00:01:11]} {[%emt 00:00:07]} Rxd1+ {[%clk
00:01:08]} {[%emt 00:00:03]} 26. Qxd1 {[%clk 00:01:12]} Qh3 {[%clk 00:01:06]}
{[%emt 00:00:04]} 27. Bg2 {[%clk 00:01:11]} {[%emt 00:00:03]} Qxh4 {[%clk
00:01:06]} {[%emt 00:00:02]} 28. Qd8 {[%clk 00:01:12]} Qf4 {[%clk 00:00:53]}
{[%emt 00:00:15]} 29. Qxb6 {[%clk 00:00:38]} {[%emt 00:00:36]} Qc1+ {[%clk
00:00:53]} {[%emt 00:00:01]} 30. Kh2 {[%clk 00:00:40]} Qxb1 {[%clk 00:00:54]}
{[%emt 00:00:02]} 31. Qxa5 {[%clk 00:00:34]} {[%emt 00:00:08]} Qxb3 {[%clk
00:00:55]} {[%emt 00:00:01]} 32. Qa8 {[%clk 00:00:30]} {[%emt 00:00:06]} Kg7
{[%clk 00:00:41]} {[%emt 00:00:15]} 33. a5 {[%clk 00:00:31]} {[%emt 00:00:02]}
c4 {[%clk 00:00:41]} {[%emt 00:00:02]} 34. Qxc6 {[%clk 00:00:25]} {[%emt
00:00:08]} Qxc3 {[%clk 00:00:31]} {[%emt 00:00:13]} 35. a6 {[%clk 00:00:24]}
{[%emt 00:00:03]} Qa5 {[%clk 00:00:26]} {[%emt 00:00:06]} 36. Qb7 {[%clk
00:00:18]} {[%emt 00:00:08]} c3 {[%clk 00:00:18]} {[%emt 00:00:10]} 37. a7
{[%clk 00:00:13]} {[%emt 00:00:06]} c2 {[%clk 00:00:19]} {[%emt 00:00:02]} 38.
a8=Q {[%clk 00:00:10]} {[%emt 00:00:12]} Qxa8 39. Qxa8 {[%clk 00:00:11]} c1=Q
{[%clk 00:00:21]} {[%emt 00:00:01]} 40. Qd5 {[%clk 00:00:12]} Qxg5 {[%clk
00:00:21]} {[%emt 00:00:02]} 41. Qd3 {[%clk 00:00:11]} {[%emt 00:00:04]} Bc5
{[%clk 00:00:20]} {[%emt 00:00:03]} 42. Qf3 {[%clk 00:00:07]} {[%emt 00:00:05]}
Qh4+ {[%clk 00:00:18]} {[%emt 00:00:04]} 43. Kg1 {[%clk 00:00:08]} Qg5 {[%clk
00:00:16]} {[%emt 00:00:03]} 44. Kh2 {[%clk 00:00:09]} {[%emt 00:00:02]} Bd4
{[%clk 00:00:18]} {[%emt 00:00:01]} 45. Kg1 {[%clk 00:00:10]} Qd2 {[%clk
00:00:18]} {[%emt 00:00:02]} 46. Qg3 {[%clk 00:00:09]} {[%emt 00:00:02]} Qe1+
{[%emt 00:00:04]} 47. Bf1 {[%clk 00:00:08]} Qxe4 {[%clk 00:00:20]} {[%emt
00:00:01]} 48. Bd3 {[%clk 00:00:05]} {[%emt 00:00:05]} Qe1+ {[%clk 00:00:20]}
{[%emt 00:00:01]} 49. Kg2 {[%clk 00:00:07]} {[%emt 00:00:01]} e4 {[%clk
00:00:16]} {[%emt 00:00:06]} 50. Bc4 {[%clk 00:00:05]} {[%emt 00:00:04]} Qc3
{[%clk 00:00:10]} {[%emt 00:00:07]} 51. Qc7 {[%clk 00:00:03]} {[%emt 00:00:04]}
Qf3+ {[%clk 00:00:11]} 52. Kg1 {[%clk 00:00:04]} {[%emt 00:00:01]} Qxf2+ {[%emt
00:00:02]} 53. Kh1 Qg1# {[%clk 00:00:13]} {[%emt 00:00:01]} 0-1

[Event "Turniej Blitza na II Lidze Juniorów 2018"]
[Site "Szczyrk, Poland"]
[Date "????.??.??"]
[Round "9.48"]
[White "Derylo, Kamil"]
[Black "Sulima, Franciszek"]
[Result "0-1"]
[TimeControl "3'+2\""]
[WhiteElo "1613"]
[BlackElo "1176"]

1. e4 {[%clk 00:03:01]} {[%emt 00:00:01]} c5 {[%clk 00:03:03]} {[%emt
00:00:03]} 2. Nf3 {[%clk 00:03:01]} {[%emt 00:00:01]} d6 {[%clk 00:03:04]}
{[%emt 00:00:02]} 3. d4 {[%clk 00:03:01]} {[%emt 00:00:02]} cxd4 {[%clk
00:03:05]} {[%emt 00:00:01]} 4. Nxd4 {[%clk 00:03:01]} {[%emt 00:00:01]} Nf6
{[%clk 00:03:06]} 5. Nc3 {[%clk 00:03:01]} {[%emt 00:00:03]} e6 {[%clk
00:03:07]} {[%emt 00:00:02]} 6. Be3 {[%clk 00:02:59]} {[%emt 00:00:04]} Be7
{[%clk 00:03:05]} {[%emt 00:00:04]} 7. f3 {[%clk 00:02:58]} {[%emt 00:00:02]}
a6 {[%clk 00:03:01]} {[%emt 00:00:06]} 8. Qd2 {[%clk 00:02:57]} {[%emt
00:00:02]} b5 {[%clk 00:02:57]} {[%emt 00:00:07]} 9. O-O-O {[%clk 00:02:55]}
{[%emt 00:00:04]} Bb7 {[%clk 00:02:56]} {[%emt 00:00:03]} 10. g4 {[%clk
00:02:51]} {[%emt 00:00:06]} b4 {[%clk 00:02:29]} {[%emt 00:00:29]} 11. Nb1
{[%clk 00:02:50]} {[%emt 00:00:02]} a5 {[%clk 00:02:29]} {[%emt 00:00:03]} 12.
h4 {[%clk 00:02:50]} {[%emt 00:00:02]} Nc6 {[%clk 00:02:23]} {[%emt 00:00:08]}
13. Nb5 {[%clk 00:02:41]} {[%emt 00:00:11]} O-O {[%clk 00:02:05]} {[%emt
00:00:20]} 14. Nxd6 {[%clk 00:02:34]} {[%emt 00:00:08]} Qc7 {[%clk 00:01:53]}
{[%emt 00:00:15]} 15. Nb5 {[%clk 00:02:30]} {[%emt 00:00:05]} Qb8 {[%clk
00:01:41]} {[%emt 00:00:16]} 16. g5 {[%clk 00:02:07]} {[%emt 00:00:24]} Nh5
{[%clk 00:01:31]} {[%emt 00:00:13]} 17. Qd7 {[%clk 00:01:38]} {[%emt 00:00:30]}
Rd8 {[%clk 00:00:58]} {[%emt 00:00:35]} 18. Qc7 {[%clk 00:01:32]} {[%emt
00:00:06]} Rxd1+ {[%clk 00:00:43]} {[%emt 00:00:19]} 19. Kxd1 {[%clk 00:01:31]}
{[%emt 00:00:02]} Qxc7 {[%clk 00:00:42]} {[%emt 00:00:05]} 20. Nxc7 {[%clk
00:01:30]} {[%emt 00:00:02]} Rd8+ {[%clk 00:00:41]} {[%emt 00:00:04]} 21. Ke1
{[%clk 00:01:13]} {[%emt 00:00:18]} Ne5 {[%clk 00:00:34]} {[%emt 00:00:09]} 22.
Kf2 {[%clk 00:01:03]} {[%emt 00:00:12]} Rc8 {[%clk 00:00:28]} {[%emt 00:00:09]}
23. Bb6 {[%clk 00:00:47]} {[%emt 00:00:16]} Bd8 {[%clk 00:00:24]} {[%emt
00:00:07]} 24. Bxa5 {[%clk 00:00:21]} {[%emt 00:00:28]} Bxc7 {[%clk 00:00:25]}
{[%emt 00:00:02]} 25. Bxb4 {[%clk 00:00:22]} {[%emt 00:00:01]} Bb6+ {[%clk
00:00:25]} {[%emt 00:00:02]} 26. Kg2 {[%clk 00:00:12]} {[%emt 00:00:11]} Rxc2+
{[%clk 00:00:25]} {[%emt 00:00:03]} 27. Kh3 {[%clk 00:00:10]} {[%emt 00:00:02]}
Rxb2 {[%clk 00:00:23]} {[%emt 00:00:05]} 28. Be2 {[%emt 00:00:07]} Rxb4 {[%clk
00:00:22]} {[%emt 00:00:03]} 29. Rd1 {[%clk 00:00:06]} {[%emt 00:00:02]} g6
{[%clk 00:00:20]} {[%emt 00:00:03]} 30. Nc3 {[%clk 00:00:05]} {[%emt 00:00:02]}
Nc4 {[%clk 00:00:10]} {[%emt 00:00:12]} 31. a3 {[%clk 00:00:04]} {[%emt
00:00:03]} Rb3 {[%clk 00:00:09]} {[%emt 00:00:04]} 32. Bxc4 {[%emt 00:00:06]}
0-1